00552cam a2200169 a 450008200140000010000180001424500360003225000350006826000370010330000210014050000570016150000200021865000200023894200070025899900150026595201020028000a536.7 SYC1 aSychev, V. V.10aComplex thermodynamic systems / aRev. from the 1980 Russian ed. aMoscow :bMIR Publishers,c1981. a240 p. :bill. ; aTranslation of: Slozhnye termodinamicheskie sistemy. aIncludes index. 0aThermodynamics. cBK c3813d3813 0010708NFICaICbICcGENd2016-12-18l0o536.7 SYCp001798r2022-11-17 00:00:00w2016-12-18yBK